Finales des Ligues des Champions: Pays hôtes (Mort subite) - Statistiques

Statistiques générales
  • Ce quiz a été pris 258 fois
  • Le résultat moyen est 9 sur 18
Answers on the Grid
Answers color-coded by a green-red scale on the quiz's grid according to % correct below.
Portugal
Espagne
France
Belgique
Pays-Bas
Allemagne
Suisse
Italie
Autriche
Ecosse
Angleterre
Yougoslavie
Turquie
Russie
Pays de Galles
Ukraine
Hongrie
Irlande
Danemark
Grèce
République Tchèque
Pologne
Roumanie
Bulgarie
Luxembourg
Suède
Norvège
Slovaquie
Croatie
Monaco
 
Statistiques - réponses
Réponse % Correct
1956, 1975, 1981, 2000, 2006, 2022 France
84%
1957, 1969, 1980, 1986, 1989, 1999, 2010, 2019 Espagne
78%
1959, 1979, 1988, 1993, 1997, 2004, 2012, 2015, 2025 Allemagne
77%
1963, 1968, 1971, 1978, 1992, 2003, 2011, 2013, 2024 Angleterre
77%
1965, 1970, 1977, 1984, 1991, 1996, 2001, 2009, 2016 Italie
77%
1967, 2014, 2020, 2021 Portugal
72%
1962, 1972, 1982, 1995 Pays-Bas
63%
2005, 2023 Turquie
58%
2008 Russie
49%
1958, 1966, 1974, 1998 Belgique
38%
2017 Pays de Galles
37%
1983, 1994, 2007 Grèce
32%
1960, 1976, 2002 Ecosse
31%
2018 Ukraine
31%
1964, 1987, 1990, 1995 Autriche
21%
2026 Hongrie
21%
1961 Suisse
21%
1973 Yougoslavie
16%
Aucun quiz correspondant
Distribution des résultats
% des personnes avec chaque résultat
Percentile par nombre de réponses
Votre historique - résultats
Vous n’avez pas pris ce quiz